000 00965cam a22002657a 4500
005 20220329141145.0
008 971010s r 00010 d
010 _a63550
011 _a64522
035 _a69930
082 0 4 _a109
_bC4y
100 0 0 _aChatelet, Francois.
_922004
245 1 0 _aHistoria de la filosofía
_b: ideas y doctrinas
500 _a1780 - 1880: la fiolosofia del mundo científico e industrial, 1860-1946 -- V.4 la filosofia de las ciencias sociales; de 1960 a nuestros dias el siglo XX
590 _aBATCH-UPD
_b10
_c20130110
_lUCH01
_h0419
590 _aBATCH-UPD
_b10
_c20130110
_lUCH01
_h2341
590 _aBATCH-UPD
_b10
_c20130410
_lUCH01
_h0054
590 _aBATCH-UPD
_b10
_c20130914
_lUCH01
_h1407
590 _aCONVERSION
_b10
_c20130109
_lUCH01
_h1334
650 1 4 _aFilosofía antigua.
_940898
650 1 4 _aFilosofía medieval.
_940907
650 1 4 _aFilosofía moderna.
_940909
650 1 4 _aFilosofía
_xHistoria.
_940895
901 _aBK
999 _c63550
_d63550